[Event "14th EUR-ch"]
[Site "Legnica POL"]
[Date "2013.05.06"]
[Round "2"]
[White "Tomczak, Mikolaj"]
[Black "Esen, Baris"]
[Result "0-1"]
[WhiteElo "2002"]
[BlackElo "2557"]
[EventDate "2013.05.05"]
[PlyCount "116"]

1.e4 c5 2.Nf3 d6 3.d4 cxd4 4.Nxd4 Nf6 5.Nc3 a6 6.Be2 e5 7.Nb3 Be7 8.O-O 
O-O 9.Kh1 b6 10.Bg5 Bb7 11.Bxf6 Bxf6 12.Bc4 Ra7 13.Qd3 Be7 14.Rad1 Nd7 15.
Bd5 Bc8 16.Qe2 Nf6 17.Nd2 b5 18.a3 Qb6 19.Bb3 Rc7 20.Ndb1 b4 21.axb4 Qxb4 
22.Nd5 Nxd5 23.Rxd5 Be6 24.Nc3 Ra7 25.Rd3 Bxb3 26.cxb3 Qxb3 27.Nd5 Qb5 28.
Qe3 Bg5 29.Qe2 a5 30.Rfd1 a4 31.Qc2 Rb8 32.Rc3 g6 33.Rb1 Bd8 34.g3 Bb6 35.
Kg2 Kg7 36.Ra3 Bd4 37.b4 axb3 38.Raxb3 Qa6 39.Qd3 Rxb3 40.Rxb3 Qa2 41.Qf3 
f5 42.exf5 e4 43.Qxe4 Qxf2+ 44.Kh3 Qxf5+ 45.Qxf5 gxf5 46.Rf3 Rf7 47.g4 
fxg4+ 48.Kxg4 h5+ 49.Kg3 Rb7 50.Kf4 Kh6 51.Ke4 Be5 52.h3 Kg5 53.Rd3 Kh4 
54.Kf5 Rg7 55.Ke4 Bg3 56.Ne3 Re7+ 57.Kd5 Kxh3 58.Nc4 h4 0-1

[Event "14th EUR-ch"]
[Site "Legnica POL"]
[Date "2013.05.06"]
[Round "2"]
[White "Handke, Florian"]
[Black "Hristodoulou, Panagiotis"]
[Result "1-0"]
[WhiteElo "2545"]
[BlackElo "2219"]
[EventDate "2013.05.05"]
[PlyCount "81"]

1.d4 Nf6 2.Nf3 g6 3.c4 Bg7 4.Nc3 O-O 5.e4 d6 6.Be2 Na6 7.O-O e5 8.Be3 Ng4 
9.Bg5 Qe8 10.dxe5 dxe5 11.h3 h6 12.Bd2 Nf6 13.Be3 Qe7 14.Nd5 Qd8 15.Qc2 c6
16.Nxf6+ Qxf6 17.Rfd1 Qe7 18.c5 Nc7 19.b4 Kh7 20.a4 f5 21.b5 fxe4 22.Nd2 
Nd5 23.Ra3 Bf5 24.Bf1 Rad8 25.Rb1 Nf4 26.Nxe4 Qh4 27.f3 Rd7 28.Bf2 Qe7 29.
a5 Ne6 30.a6 Bxe4 31.Qxe4 Nxc5 32.Qe3 Ne6 33.bxc6 bxc6 34.Rab3 Nd4 35.Rb7 
Rfd8 36.Qe4 Qe6 37.Rxd7 Rxd7 38.Rb7 Qd6 39.Bd3 Nf5 40.Qxf5 Rxb7 41.Qxg6+ 
1-0

[Event "14th EUR-ch"]
[Site "Legnica POL"]
[Date "2013.05.06"]
[Round "2"]
[White "Dvirnyy, Danyyil"]
[Black "Henseler, Jorgen"]
[Result "1-0"]
[WhiteElo "2541"]
[BlackElo "2093"]
[EventDate "2013.05.05"]
[PlyCount "79"]

1.c4 Nf6 2.Nc3 d5 3.cxd5 Nxd5 4.g3 g6 5.Bg2 Nb6 6.d3 Bg7 7.Be3 O-O 8.Qd2 
c6 9.h4 h5 10.Bh6 Bg4 11.f3 Bf5 12.e4 Be6 13.g4 hxg4 14.h5 Bxh6 15.Qxh6 
Qd4 16.hxg6 Qg7 17.gxf7+ Kxf7 18.Qe3 N8d7 19.f4 Ke8 20.Nge2 Nf6 21.O-O-O 
Rd8 22.Kb1 Bg8 23.b3 Kd7 24.f5 Kc8 25.d4 e6 26.e5 Nfd5 27.Nxd5 Nxd5 28.
Bxd5 cxd5 29.f6 Bh7+ 30.Kb2 Qd7 31.Rh4 Be4 32.Rxg4 Rh8 33.Rg7 Qb5 34.Nc3 
Rh2+ 35.Rd2 Rxd2+ 36.Qxd2 Qc6 37.Na4 Rf8 38.Qc3 Qxc3+ 39.Kxc3 Bf5 40.Nc5 
1-0

[Event "14th EUR-ch"]
[Site "Legnica POL"]
[Date "2013.05.06"]
[Round "2"]
[White "Izzat, Kanan"]
[Black "Kovalev, Vladislav"]
[Result "1/2-1/2"]
[WhiteElo "2322"]
[BlackElo "2523"]
[EventDate "2013.05.05"]
[PlyCount "98"]

1.d4 Nf6 2.g3 d5 3.Nf3 Bf5 4.Bg2 e6 5.c4 c6 6.O-O Nbd7 7.Nc3 h6 8.Qb3 Qb6 
9.c5 Qxb3 10.axb3 g5 11.b4 Ne4 12.Nd2 Nxd2 13.Bxd2 Bg7 14.Be3 e5 15.Rfd1 
O-O 16.dxe5 Nxe5 17.Bd4 a6 18.e4 dxe4 19.Nxe4 Bxe4 20.Bxe4 Rad8 21.Kg2 Nc4
22.Bxg7 Kxg7 23.b3 Ne5 24.h3 Nd7 25.Bd3 Nf6 26.Bc4 Rfe8 27.Re1 Rxe1 28.
Rxe1 Kf8 29.Re5 Rd4 30.Rf5 Nd5 31.Bxd5 cxd5 32.Rf6 Rxb4 33.Rxh6 Rxb3 34.
Rd6 Ke7 35.Rxd5 f6 36.h4 gxh4 37.gxh4 Ke6 38.Rd6+ Kf5 39.h5 Kg5 40.h6 Kxh6
41.Rxf6+ Kg5 42.Rd6 Kf5 43.c6 Ke5 44.Rh6 b5 45.c7 Rc3 46.Rxa6 Rxc7 47.Rb6 
Rc5 48.Kg3 Kd4 49.f4 Kc3 1/2-1/2

[Event "14th EUR-ch"]
[Site "Legnica POL"]
[Date "2013.05.06"]
[Round "2"]
[White "Kantorik, Marian"]
[Black "Nisipeanu, Liviu-Dieter"]
[Result "0-1"]
[WhiteElo "2363"]
[BlackElo "2679"]
[EventDate "2013.05.05"]
[PlyCount "80"]

1.e4 c5 2.c3 d5 3.exd5 Qxd5 4.d4 Nf6 5.Nf3 Bg4 6.Be2 e6 7.O-O Nc6 8.Be3 
cxd4 9.cxd4 Bd6 10.Nc3 Qa5 11.h3 Bh5 12.a3 O-O 13.b4 Qd8 14.Qd2 Rc8 15.
Rfd1 Nxb4 16.Rdb1 Nbd5 17.Nxd5 Nxd5 18.Rxb7 Rc7 19.Rxc7 Qxc7 20.Ne1 Bxe2 
21.Qxe2 Qc3 22.Rc1 Qxa3 23.Nd3 Rb8 24.Ne5 Bxe5 25.dxe5 Nxe3 26.Qxe3 Qxe3 
27.fxe3 a5 28.Rc5 Ra8 29.Rc3 a4 30.Ra3 Kf8 31.Kf2 Ke7 32.Ke2 Kd7 33.Kd3 
Kc6 34.Kc4 Ra5 35.Kb4 Rxe5 36.Kxa4 Rg5 37.g4 h5 38.Rc3+ Kd6 39.Rc4 hxg4 
40.hxg4 Re5 0-1

[Event "14th EUR-ch"]
[Site "Legnica POL"]
[Date "2013.05.06"]
[Round "2"]
[White "Fedorchuk, Serhii"]
[Black "Szwed, Jacek"]
[Result "1-0"]
[WhiteElo "2660"]
[BlackElo "2354"]
[EventDate "2013.05.05"]
[PlyCount "71"]

1.e4 e6 2.d4 d5 3.Nd2 dxe4 4.Nxe4 Nd7 5.Nf3 Ngf6 6.Nxf6+ Nxf6 7.Be3 Nd5 8.
Bd2 c5 9.Bb5+ Bd7 10.Qe2 Bxb5 11.Qxb5+ Qd7 12.Qb3 a6 13.c4 Nf6 14.Rd1 cxd4
15.Bc3 Bc5 16.Bxd4 Bxd4 17.Rxd4 Qc6 18.Qa3 Rd8 19.Rxd8+ Kxd8 20.O-O Kc8 
21.b4 Kb8 22.Ne5 Qc7 23.Qe3 Rd8 24.h3 Ng8 25.c5 Nf6 26.c6 Nd5 27.Qe4 f6 
28.Nd7+ Ka7 29.Qd4+ Nb6 30.b5 bxc6 31.bxc6 Qxc6 32.Ne5 Qd5 33.Nc6+ Qxc6 
34.Qxd8 Nd5 35.Qg8 Qb7 36.Qxe6 1-0

[Event "14th EUR-ch"]
[Site "Legnica POL"]
[Date "2013.05.06"]
[Round "2"]
[White "Kozul, Zdenko"]
[Black "Antal, Tibor Kende"]
[Result "1-0"]
[WhiteElo "2624"]
[BlackElo "2349"]
[EventDate "2013.05.05"]
[PlyCount "85"]

1.d4 d5 2.c4 e6 3.Nf3 Nf6 4.g3 dxc4 5.Bg2 Nc6 6.Qa4 Bd7 7.Qxc4 Na5 8.Qd3 
Rc8 9.O-O c5 10.Nc3 cxd4 11.Nxd4 Bc5 12.Bg5 h6 13.Bxf6 Qxf6 14.Nb3 Nxb3 
15.Ne4 Qe7 16.axb3 Bc6 17.Nxc5 Bxg2 18.Nxe6 Qxe6 19.Kxg2 O-O 20.Rxa7 Rfd8 
21.Qf3 Rc2 22.Rxb7 Rdd2 23.Re1 Rxb2 24.h4 f6 25.h5 Rxe2 26.Rb8+ Kh7 27.
Rxe2 Rxe2 28.Qa8 Qe4+ 29.Qxe4+ Rxe4 30.Rb5 Re7 31.Kf3 g6 32.b4 gxh5 33.
Rxh5 Re1 34.b5 Kg6 35.g4 Rg1 36.Rf5 Re1 37.Kf4 Rb1 38.Ke3 Rb4 39.f3 Kf7 
40.Kd3 Ke6 41.Kc3 Rb1 42.Kc4 Rc1+ 43.Kb4 1-0

[Event "14th EUR-ch"]
[Site "Legnica POL"]
[Date "2013.05.06"]
[Round "2"]
[White "Mamedov, Nidjat"]
[Black "Maevsky, Nikolay"]
[Result "1/2-1/2"]
[WhiteElo "2602"]
[BlackElo "2323"]
[EventDate "2013.05.05"]
[PlyCount "104"]

1.e4 c6 2.Nc3 d5 3.Nf3 dxe4 4.Nxe4 Nf6 5.Qe2 Bf5 6.d3 e6 7.g3 Be7 8.Bg2 h6
9.O-O O-O 10.a4 Na6 11.Ne5 Bh7 12.Nxf6+ Bxf6 13.a5 Rc8 14.Bd2 Nb8 15.Bc3 
a6 16.f4 Nd7 17.Ra4 Be7 18.h4 Bc5+ 19.Kh2 Nf6 20.Bh3 Re8 21.Rc4 Ba7 22.h5 
Rc7 23.Ng4 Nxg4+ 24.Bxg4 Rce7 25.Bb4 Rd7 26.Re1 Rd5 27.Bc3 Bb8 28.b4 Bc7 
29.Bf3 Rd7 30.Bg2 Rde7 31.Be5 f6 32.Bxc7 Qxc7 33.Be4 f5 34.Bg2 e5 35.Qf2 
exf4 36.Rxe7 fxg3+ 37.Qxg3 Qxe7 38.Rd4 Kh8 39.c4 Rd8 40.Rxd8+ Qxd8 41.Qf4 
Qxd3 42.Qb8+ Bg8 43.Qxb7 Qd6+ 44.Kh3 Qd3+ 45.Kh2 Bxc4 46.Qa8+ Kh7 47.Qxc6 
Bb5 48.Qe6 Qc2 49.Qf7 Bc4 50.Qg6+ Kh8 51.Qe8+ Kh7 52.Qg6+ Kh8 1/2-1/2

[Event "14th EUR-ch"]
[Site "Legnica POL"]
[Date "2013.05.06"]
[Round "2"]
[White "Buchal, Stephan"]
[Black "Svetuschin, Dumitru"]
[Result "0-1"]
[WhiteElo "2315"]
[BlackElo "2588"]
[EventDate "2013.05.05"]
[PlyCount "71"]

1.c4 Nf6 2.g3 c6 3.Nf3 d5 4.Bg2 Nbd7 5.cxd5 cxd5 6.O-O e5 7.d3 Bd6 8.e4 
O-O 9.Nh4 Nb6 10.Nc3 Bg4 11.Bf3 Be6 12.Bg5 d4 13.Bxf6 Qxf6 14.Nb5 Bb8 15.
Bg4 a6 16.Na3 Bd6 17.Bxe6 fxe6 18.Rc1 Rac8 19.Rxc8 Rxc8 20.Qb3 Rc6 21.Ng2 
g5 22.Nb1 Qf7 23.Nd2 Nc8 24.Kh1 b5 25.Qd1 h5 26.f4 exf4 27.gxf4 g4 28.e5 
Be7 29.h3 Qf5 30.Ne1 Nb6 31.Ne4 g3 32.Nf3 Qxh3+ 33.Kg1 Nd5 34.Qe2 Nxf4 35.
Qd2 g2 36.Rd1 0-1

[Event "14th EUR-ch"]
[Site "Legnica POL"]
[Date "2013.05.06"]
[Round "2"]
[White "Kotronias, Vasilios"]
[Black "Selbes, Tarik"]
[Result "1-0"]
[WhiteElo "2580"]
[BlackElo "2314"]
[EventDate "2013.05.05"]
[PlyCount "42"]

1.e4 d6 2.d4 Nf6 3.Nc3 g6 4.f4 Bg7 5.Nf3 O-O 6.Be3 b6 7.Qd2 Bb7 8.e5 Ng4 
9.O-O-O c5 10.dxc5 Nxe3 11.Qxe3 bxc5 12.h4 Nc6 13.h5 Nd4 14.hxg6 hxg6 15.
Ng5 Qd7 16.Qe1 Rfc8 17.Rxd4 cxd4 18.e6 fxe6 19.Bb5 Rc6 20.Qe4 Kf8 21.Qxg6 
Bf6 1-0

[Event "14th EUR-ch"]
[Site "Legnica POL"]
[Date "2013.05.06"]
[Round "2"]
[White "Shomoev, Anton"]
[Black "Rindlisbacher, Lars"]
[Result "1-0"]
[WhiteElo "2561"]
[BlackElo "2312"]
[EventDate "2013.05.05"]
[PlyCount "43"]

1.e4 e5 2.Nf3 Nc6 3.Bb5 a6 4.Ba4 Nf6 5.d3 b5 6.Bb3 Bc5 7.Nc3 h6 8.Nd5 d6 
9.Bd2 Be6 10.Ne3 Qd7 11.h3 Rd8 12.Qe2 O-O 13.O-O-O a5 14.Ng4 Nxg4 15.hxg4 
Bxg4 16.Bxh6 Nd4 17.Qd2 Nxb3+ 18.axb3 f6 19.Be3 Bxe3 20.fxe3 b4 21.Rh4 g5 
22.Rh2 Kg7 23.d4 Qc6 24.Qd3 Rh8 25.Rdh1 Rxh2 26.Rxh2 Ra8 27.Nd2 a4 28.bxa4
Rxa4 29.Nb3 Qa8 30.Kb1 Qa6 31.Qxa6 Rxa6 32.Nd2 c5 33.d5 Be2 34.b3 Ra8 35.
Kb2 Bb5 36.Rh1 Ra6 37.Rh2 Be8 38.Nf1 Bg6 39.Ng3 Ra8 40.Rh1 Ra6 41.Nf5+ 
Bxf5 42.exf5 Ra3 43.e4 c4 44.Rh3 cxb3 45.cxb3 Ra7 46.Rh1 g4 47.Rh4 g3 48.
Rh3 Kg8 49.Rh6 Kg7 50.Rg6+ Kf7 51.Rxg3 Ra8 52.Kc2 Rc8+ 53.Kd2 Rc5 54.Rh3 
Kg7 55.g4 Rc8 56.g5 fxg5 57.Rh5 Rc3 58.Rxg5+ Kf7 59.Rg6 Ke7 60.Re6+ Kd7 
61.f6 Rxb3 62.Re7+ Kd8 63.Rb7 Ke8 64.Ke2 Rh3 65.Rxb4 Kf7 66.Rb6 Rh4 67.Kd3
Rh3+ 68.Kc4 Kxf6 69.Rxd6+ Kg5 70.Re6 Kf4 71.d6 Rh1 72.Kd5 Rd1+ 73.Kc6 Rc1+
74.Kd7 Kxe4 75.Ke7 Ra1 76.d7 Ra8 77.d8=Q Rxd8 78.Kxd8 Kd4 79.Ke7 e4 80.Kf6
1-0

[Event "14th EUR-ch"]
[Site "Legnica POL"]
[Date "2013.05.06"]
[Round "2"]
[White "Holzke, Frank"]
[Black "Worek, Joanna"]
[Result "1/2-1/2"]
[WhiteElo "2499"]
[BlackElo "2299"]
[EventDate "2013.05.05"]
[PlyCount "37"]

1.e4 c5 2.Nf3 e6 3.d4 cxd4 4.Nxd4 Nf6 5.Nc3 d6 6.g4 e5 7.Bb5+ Bd7 8.Bxd7+ 
Qxd7 9.Nf5 h5 10.gxh5 Nxh5 11.Bh6 g6 12.Bxf8 gxf5 13.Bxd6 Nc6 14.Bc5 Qxd1+
15.Rxd1 b6 16.Be3 f4 17.Bc1 Ng7 18.b3 Ne6 19.Nb5 Rd8 20.Ba3 Rxd1+ 21.Kxd1 
Rh3 22.Kc1 Ned4 23.Nc7+ Kd7 24.Nd5 f5 25.exf5 Nxf5 26.Nf6+ Ke6 27.Ne4 Rh6 
28.c3 Nh4 29.Kc2 Nf3 30.h3 Nd8 31.c4 Nf7 32.Bb2 Kf5 33.Kd3 Rh8 34.Nc3 N7g5
35.Nd5 Nxh3 36.Kc2 Rh7 37.b4 Ke6 38.a4 Nfg5 39.Rf1 Nf3 40.Rh1 Nfg5 41.Rf1 
Nf3 42.a5 bxa5 43.b5 Rg7 44.Rh1 Nfg1 45.Rh2 Rd7 46.Rg2 Nf3 47.Rg6+ Kf5 48.
Rf6+ Kg5 49.Rf8 Nxf2 50.Rg8+ Kf5 51.Rf8+ Kg5 52.Rg8+ Kf5 53.Rf8+ Kg5 
1/2-1/2

[Event "14th EUR-ch"]
[Site "Legnica POL"]
[Date "2013.05.06"]
[Round "2"]
[White "Gaehwiler, Gabriel"]
[Black "Airapetian, Yury"]
[Result "0-1"]
[WhiteElo "2288"]
[BlackElo "2498"]
[EventDate "2013.05.05"]
[PlyCount "58"]

1.Nf3 d5 2.c4 d4 3.b4 Bg4 4.g3 d3 5.Bg2 Nc6 6.O-O e5 7.exd3 Qxd3 8.Qb3 
Qxb3 9.axb3 Bxb4 10.Ra4 a5 11.Nc3 Nge7 12.Nd5 Nxd5 13.cxd5 Bxf3 14.dxc6 
Bxg2 15.Kxg2 b5 16.Ra2 O-O-O 17.Ba3 Bxd2 18.Rd1 Bc3 19.Rc1 Rd3 20.Bc5 Kb8 
21.Ra3 Rhd8 22.Rc2 R8d5 23.b4 Bxb4 24.Bxb4 axb4 25.Rxd3 Rxd3 26.Rc5 Rc3 
27.Rxb5+ Kc8 28.Rxb4 Rxc6 29.Rb5 f6 0-1

[Event "14th EUR-ch"]
[Site "Legnica POL"]
[Date "2013.05.06"]
[Round "2"]
[White "Ivic, Mateo"]
[Black "Simacek, Pavel"]
[Result "0-1"]
[WhiteElo "2278"]
[BlackElo "2498"]
[EventDate "2013.05.05"]
[PlyCount "76"]

1.e4 d6 2.d4 Nf6 3.Nc3 g6 4.f3 c6 5.Be3 b5 6.Qd2 Nbd7 7.Bd3 e5 8.Nge2 a6 
9.a4 b4 10.Nd1 d5 11.c3 bxc3 12.bxc3 Bg7 13.Nf2 O-O 14.O-O Re8 15.a5 Rb8 
16.Qa2 h6 17.Rfb1 Rxb1+ 18.Rxb1 Qe7 19.Qa4 c5 20.Qc6 dxe4 21.fxe4 exd4 22.
cxd4 cxd4 23.Bxd4 Ne5 24.Bxe5 Qxe5 25.Bc4 Bd7 26.Qxa6 Nxe4 27.Nxe4 Qxe4 
28.Rf1 Be6 29.Bd3 Qe3+ 30.Kh1 Be5 31.Ng1 Qc5 32.Qb5 Rc8 33.Nf3 Qxb5 34.
Bxb5 Rc5 35.Rb1 Bf5 36.Re1 Bc3 37.Re8+ Kg7 38.Rb8 Be5 0-1

[Event "14th EUR-ch"]
[Site "Legnica POL"]
[Date "2013.05.06"]
[Round "2"]
[White "Predke, Alexander"]
[Black "Makolli, Perparim"]
[Result "1-0"]
[WhiteElo "2494"]
[BlackElo "2286"]
[EventDate "2013.05.05"]
[PlyCount "97"]

1.e4 c5 2.Nf3 Nc6 3.Nc3 d6 4.d4 cxd4 5.Nxd4 Nf6 6.Bg5 Qb6 7.Nb3 e6 8.Bxf6 
gxf6 9.Qh5 Bd7 10.Be2 Nd4 11.Nxd4 Qxd4 12.Bb5 Bc6 13.O-O Rc8 14.Rad1 Qe5 
15.Qe2 a6 16.Bxc6+ Rxc6 17.f4 Qc5+ 18.Kh1 h5 19.f5 Be7 20.Qf3 Qe5 21.Qh3 
Bd8 22.fxe6 fxe6 23.Ne2 Rc7 24.Nd4 Re7 25.Qd3 Bc7 26.Nf3 Qf4 27.Nd2 Qh4 
28.Rf3 Rg8 29.Rdf1 d5 30.g3 Qg5 31.exd5 Qxd5 32.Ne4 Be5 33.Nxf6+ Bxf6 34.
Qxd5 exd5 35.Rxf6 h4 36.Kg2 hxg3 37.hxg3 Reg7 38.R1f3 Rh8 39.Re3+ Kd7 40.
Re5 Rgh7 41.Rxd5+ Ke7 42.Rb6 Rh2+ 43.Kf3 Rxc2 44.Rxb7+ Ke6 45.Ra5 Rhh2 46.
Rb6+ Kf7 47.Rb7+ Ke8 48.Rxa6 Rhf2+ 49.Kg4 1-0

[Event "14th EUR-ch"]
[Site "Legnica POL"]
[Date "2013.05.06"]
[Round "2"]
[White "Minko, Vladimir"]
[Black "Matinian, Nikita"]
[Result "0-1"]
[WhiteElo "2268"]
[BlackElo "2491"]
[EventDate "2013.05.05"]
[PlyCount "96"]

1.d4 Nf6 2.c4 g6 3.Nf3 Bg7 4.g3 d6 5.Bg2 O-O 6.O-O Nc6 7.d5 Na5 8.Qa4 c5 
9.Bd2 b6 10.Bc3 Bd7 11.Qc2 Rb8 12.Nbd2 b5 13.b3 Qb6 14.e4 Bh6 15.Rfe1 bxc4
16.bxc4 Qa6 17.Bf1 e5 18.dxe6 fxe6 19.e5 Ng4 20.Bh3 Nxf2 21.Kxf2 Nxc4 22.
Bf1 Bxd2 23.Bxd2 Qa3 24.Qc3 Bc6 25.Be2 Qxc3 26.Bxc3 Rxf3+ 27.Bxf3 Rf8 28.
Rac1 Rxf3+ 29.Kg1 d5 30.Re2 Bb5 31.Bd2 Nxd2 32.Rxd2 c4 33.Rf2 Re3 34.a4 
Bc6 35.Rcf1 c3 36.Rf8+ Kg7 37.R1f7+ Kh6 38.Re8 Bxa4 39.Rxa7 Bb3 40.Kf2 d4 
41.Rd7 Rd3 42.Ke2 Rd2+ 43.Kf3 Bd1+ 44.Ke4 Bc2+ 45.Kf3 Ba4 46.Ree7 Rxh2 47.
Rc7 Kg5 48.Rxe6 Kf5 0-1

[Event "14th EUR-ch"]
[Site "Legnica POL"]
[Date "2013.05.06"]
[Round "2"]
[White "Tate, Alan"]
[Black "Wagner, Dennis"]
[Result "1/2-1/2"]
[WhiteElo "2264"]
[BlackElo "2487"]
[EventDate "2013.05.05"]
[PlyCount "81"]

1.e4 e5 2.Nf3 Nc6 3.d4 exd4 4.Nxd4 Nf6 5.Nxc6 bxc6 6.e5 Qe7 7.Qe2 Nd5 8.c4
Ba6 9.b3 g6 10.f4 d6 11.Qf2 Nf6 12.Be2 dxe5 13.Ba3 Qe6 14.O-O Bxa3 15.Nxa3
O-O 16.fxe5 Nd7 17.Nc2 Nxe5 18.Nb4 Bb7 19.Nd3 Nxd3 20.Bxd3 c5 21.Qxc5 Rad8
22.Rad1 Bxg2 23.Kxg2 Rxd3 24.Rxd3 Qe2+ 25.Rf2 Qxd3 26.Qxc7 h5 27.Qxa7 h4 
28.Rf3 Qe2+ 29.Qf2 Qe4 30.Qe3 Qg4+ 31.Kf2 Rd8 32.h3 Qd7 33.Kg2 Re8 34.Qf4 
Qb7 35.Kf2 Re4 36.Qf6 Qc7 37.Kf1 Qd7 38.Kg2 Qc7 39.Kf1 Qd7 40.Kg2 Qc7 41.
Kf1 1/2-1/2

[Event "14th EUR-ch"]
[Site "Legnica POL"]
[Date "2013.05.06"]
[Round "2"]
[White "Matsenko, Sergei"]
[Black "Duman, Aydin"]
[Result "1/2-1/2"]
[WhiteElo "2485"]
[BlackElo "2265"]
[EventDate "2013.05.05"]
[PlyCount "38"]

1.d4 Nf6 2.Nc3 d5 3.Bg5 g6 4.Qd2 Nbd7 5.O-O-O c6 6.f3 b5 7.e4 b4 8.Nb1 
dxe4 9.Re1 
    ( 9.Ne2 Qa5 10.a3 e3 11.Bxe3 Nd5 12.axb4 Qxb4 13.Qxb4 Nxb4 14.Nec3 f6 
    15.Bf4 Nb6 16.Re1 N6d5 17.Nxd5 cxd5 18.c3 Nc6 19.Bb5 Bd7 )
9...Qa5 10.a3 e3 11.Rxe3 Nd5 12.axb4 Qxb4 13.Qxb4 Nxb4 14.Nc3 f6 15.Bf4 
Nb6 16.Re1 N6d5 17.Nxd5 cxd5 18.c3 Nc6 19.Bb5 Bd7 20.Nh3 g5 21.Be3 Rb8 22.
Bxc6 Bxc6 23.Nf2 Rg8 24.g4 Bb5 25.h4 h6 26.f4 gxf4 27.Bxf4 Rb6 28.h5 a5 
29.Rhg1 Kf7 30.Bc7 Ra6 31.Kd2 Bd7 32.Bf4 Rb6 33.Kc2 a4 
    ( 33...Ba4+ 34.Kb1 Bb5 35.Kc2 Ba4+ 36.Kb1 Bb5 37.Bc1 Bg7 38.Re2 
        ( 38.Kc2 Ba4+ 39.Kb1 Rc8 40.Rg3 e5 41.dxe5 fxe5 42.g5 hxg5 43.Bxg5
            ( 43.Ng4 e4 44.Rf1+ Ke6 45.h6 Bh8 
                ( 45...Bxh6 46.Bxg5 )
            46.Bxg5 Rxc3 47.Rxc3 Bxc3 48.Rf2 Rb7 49.h7 Bh8 50.Rf6+ Bxf6 
            51.Nxf6 Rxh7 52.Nxh7 d4 53.Bd8 )
        43...e4 44.Rf1 Ke6 45.h6 Bxh6 )
    )
1/2-1/2

[Event "14th EUR-ch"]
[Site "Legnica POL"]
[Date "2013.05.06"]
[Round "2"]
[White "Pavlidis, Antonios"]
[Black "Curic, Drazen"]
[Result "1-0"]
[WhiteElo "2479"]
[BlackElo "2258"]
[EventDate "2013.05.05"]
[PlyCount "81"]

1.e4 c5 2.Nf3 e6 3.g3 b6 4.Bg2 Bb7 5.Qe2 d6 6.d4 cxd4 7.Nxd4 Nd7 8.O-O a6 
9.Nc3 Ngf6 10.Re1 Rc8 11.e5 Bxg2 12.exf6 Qxf6 13.Nxe6 fxe6 14.Kxg2 Kf7 15.
Qxa6 Be7 16.Qe2 Rhd8 17.Bf4 d5 18.Rad1 Bb4 19.Qh5+ Qg6 20.Qxg6+ hxg6 21.
Bd2 Be7 22.Rc1 Bf6 23.Nd1 Rc6 24.f3 Rdc8 25.c3 Ne5 26.Nf2 Nc4 27.Rc2 d4 
28.Bc1 Nd6 29.Bf4 Nf5 30.Ne4 dxc3 31.bxc3 Ra8 32.Rd1 Nd4 33.Rb2 Nf5 34.
Rd7+ Ne7 35.Rb7 Ra6 36.Rd2 e5 37.Be3 Ke6 38.Ng5+ Bxg5 39.Bxg5 Nc8 40.Rxg7 
Kf5 41.h4 1-0

[Event "14th EUR-ch"]
[Site "Legnica POL"]
[Date "2013.05.06"]
[Round "2"]
[White "Musialkiewicz, Jan"]
[Black "Danielian, Elina"]
[Result "0-1"]
[WhiteElo "2256"]
[BlackElo "2478"]
[EventDate "2013.05.05"]
[PlyCount "50"]

1.e4 c6 2.d4 d5 3.Nc3 dxe4 4.Nxe4 Nd7 5.Ng5 Ndf6 6.Bc4 e6 7.Ne2 Bd6 8.O-O 
Qc7 9.f4 Ne7 10.Ng3 b6 11.Qe2 h6 12.N5e4 Nxe4 13.Nxe4 Bb7 14.Nxd6+ Qxd6 
15.f5 exf5 16.c3 O-O 17.Bf4 Qd7 18.Qh5 c5 19.Rae1 cxd4 20.Rf2 Rac8 21.Bb3 
dxc3 22.bxc3 Rxc3 23.Rd2 Qc6 24.Kh1 Rc1 25.Qe2 Qxg2+ 0-1

[Event "14th EUR-ch"]
[Site "Legnica POL"]
[Date "2013.05.06"]
[Round "2"]
[White "Cernousek, Lukas"]
[Black "Sahitaj, Naim"]
[Result "1-0"]
[WhiteElo "2476"]
[BlackElo "2256"]
[EventDate "2013.05.05"]
[PlyCount "45"]

1.d4 Nf6 2.c4 b6 3.f3 g6 4.e4 d6 5.Nc3 Bg7 6.Be3 c5 7.d5 h5 8.Qd2 Na6 9.
Nh3 Nc7 10.Ng5 a6 11.Bd3 Rb8 12.a4 Bd7 13.O-O b5 14.e5 dxe5 15.Bxc5 Bc8 
16.f4 e4 17.Ngxe4 Nxe4 18.Bxe4 bxc4 19.f5 gxf5 20.Bxf5 Rb3 21.Rae1 Be6 22.
Qf2 Bxc3 23.bxc3 1-0

[Event "14th EUR-ch"]
[Site "Legnica POL"]
[Date "2013.05.06"]
[Round "2"]
[White "Kanarek, Marcel"]
[Black "Svana, Peter"]
[Result "1-0"]
[WhiteElo "2474"]
[BlackElo "2255"]
[EventDate "2013.05.05"]
[PlyCount "33"]

1.e4 c5 2.Nf3 d6 3.d4 Nf6 4.Nc3 cxd4 5.Nxd4 Nc6 6.Bg5 Bd7 7.Qd2 Rc8 8.f3 
Nxd4 9.Qxd4 Qa5 10.Qd2 a6 11.h4 h5 12.O-O-O b5 13.Kb1 e6 14.e5 b4 15.exf6 
bxc3 16.fxg7 Qb4 17.Qxc3 1-0

[Event "14th EUR-ch"]
[Site "Legnica POL"]
[Date "2013.05.06"]
[Round "2"]
[White "Rindlisbacher, Jan"]
[Black "Ekstroem, Roland"]
[Result "1-0"]
[WhiteElo "2241"]
[BlackElo "2461"]
[EventDate "2013.05.05"]
[PlyCount "59"]

1.d4 b6 2.e4 Bb7 3.Nc3 e6 4.Bd3 Nf6 5.Nge2 c5 6.d5 exd5 7.exd5 Nxd5 8.Nxd5
Bxd5 9.Nf4 Qe7+ 10.Be3 Be6 11.O-O Nc6 12.Re1 Ne5 13.Be4 O-O-O 14.Nd5 Qd6 
15.Bf4 f6 16.c4 Kb8 17.Bg3 Bxd5 18.Bxd5 Qc7 19.Be4 a6 20.Qa4 Ka7 21.Re3 a5
22.a3 Bd6 23.Rd1 Rhe8 24.b4 cxb4 25.axb4 Nxc4 26.Bxd6 Nxd6 27.bxa5 Nxe4 
28.axb6+ Kxb6 29.Rb1+ Kc5 30.Rxe4 1-0

[Event "14th EUR-ch"]
[Site "Legnica POL"]
[Date "2013.05.06"]
[Round "2"]
[White "Petenyi, Tamas"]
[Black "Nikolaidis, Konstantinos"]
[Result "1-0"]
[WhiteElo "2455"]
[BlackElo "2238"]
[EventDate "2013.05.05"]
[PlyCount "115"]

1.e4 c5 2.Nf3 Nc6 3.Bb5 d6 4.c3 Bd7 5.h3 Nf6 6.Qe2 a6 7.Ba4 Ne5 8.Nxe5 
dxe5 9.Bc2 e6 10.d3 Be7 11.O-O Qc7 12.Be3 O-O 13.Nd2 Bc6 14.a3 Nd7 15.Rfc1
Rad8 16.b4 Kh8 17.Nb3 b6 18.d4 cxd4 19.cxd4 Qb7 20.f3 Bb5 21.Qf2 Bf6 22.a4
Bc4 23.Nd2 Rc8 24.Rab1 Ba2 25.Ra1 Bc4 26.Bd1 exd4 27.Bxd4 Bxd4 28.Qxd4 e5 
29.Qd6 Be6 30.Be2 Rxc1+ 31.Rxc1 Rc8 32.Rxc8+ Qxc8 33.Kh2 h6 34.a5 b5 35.
Nf1 Kh7 36.Kg1 Qc2 37.Kf2 Qc8 38.Ne3 Qb7 39.Nc2 Qa7+ 40.Kf1 Qb7 41.Ne1 Bc4
42.Bxc4 bxc4 43.Nc2 f6 44.Ke2 Nb8 45.Qc5 Nd7 46.Qxc4 Nf8 47.Ne3 Ng6 48.Nd5
Nf8 49.Qc5 Ne6 50.Qb6 Qc8 51.Kf2 Qc2+ 52.Kg3 Nd4 53.Qxa6 f5 54.exf5 Nxf5+ 
55.Kh2 Qd2 56.Qe6 Nd4 57.Qg4 Qd1 58.Ne7 1-0

[Event "14th EUR-ch"]
[Site "Legnica POL"]
[Date "2013.05.06"]
[Round "2"]
[White "Fauland, Alexander"]
[Black "Simeonidis, Ioannis"]
[Result "1-0"]
[WhiteElo "2449"]
[BlackElo "2237"]
[EventDate "2013.05.05"]
[PlyCount "59"]

1.g3 d5 2.Bg2 e5 3.c4 d4 4.d3 c5 5.Qa4+ Bd7 6.Qb3 Nc6 7.f4 Nf6 8.fxe5 Ng4 
9.Nf3 Be7 10.Na3 O-O 11.O-O b6 12.Nb5 Re8 13.h3 Ngxe5 14.Nxe5 Nxe5 15.Bxa8
Qxa8 16.Nc7 Qc6 17.Nxe8 Bxh3 18.Rf2 Qxe8 19.Bf4 Ng4 20.Qb5 Qa8 21.Rf3 g5 
22.Qd7 Bf6 23.Bxg5 Bxg5 24.Qxf7+ Kh8 25.Qh5 Be3+ 26.Kh1 Nf2+ 27.Kh2 Bg4 
28.Qe5+ Kg8 29.Rxf2 Qc6 30.Rf6 1-0

[Event "14th EUR-ch"]
[Site "Legnica POL"]
[Date "2013.05.06"]
[Round "2"]
[White "Sipila, Vilka"]
[Black "Dubinski, Mateusz"]
[Result "1-0"]
[WhiteElo "2445"]
[BlackElo "2219"]
[EventDate "2013.05.05"]
[PlyCount "69"]

1.f4 c5 2.Nf3 Nc6 3.b3 d5 4.Bb2 d4 5.g3 f6 6.Bg2 e5 7.fxe5 fxe5 8.O-O Be7 
9.e3 Nh6 10.Qe2 O-O 11.exd4 exd4 12.Na3 Kh8 13.Ne5 Nxe5 14.Qxe5 Ng4 15.Qe2
Nf6 16.Rae1 Bd6 17.Nc4 Bg4 18.Qd3 Rb8 19.Nxd6 Qxd6 20.c3 b5 21.cxd4 c4 22.
bxc4 bxc4 23.Ba3 Qa6 24.Qc3 Rf7 25.d5 Rd7 26.d6 Rxd6 27.Bxd6 Qxd6 28.Qxc4 
Qxd2 29.Re7 h5 30.Qf7 Qg5 31.Rxa7 Rb2 32.h4 Bf3 33.Rxf3 Qc1+ 34.Bf1 Qc5+ 
35.Kh1 1-0

[Event "14th EUR-ch"]
[Site "Legnica POL"]
[Date "2013.05.06"]
[Round "2"]
[White "Pavlidou, Ekaterini"]
[Black "Mammadov, Zaur"]
[Result "0-1"]
[WhiteElo "2209"]
[BlackElo "2442"]
[EventDate "2013.05.05"]
[PlyCount "72"]

1.d4 d5 2.c4 c6 3.Nf3 Nf6 4.e3 Bf5 5.Nc3 e6 6.Nh4 Bg4 7.Qb3 Qc7 8.h3 Bh5 
9.g4 Bg6 10.Nxg6 hxg6 11.Bg2 Nbd7 12.Bd2 Nb6 13.cxd5 exd5 14.g5 Nh7 15.h4 
O-O-O 16.a4 Nc4 17.a5 a6 18.Na4 Nxd2 19.Nb6+ Kb8 20.Kxd2 Bd6 21.Rhc1 Qe7 
22.Na4 Bb4+ 23.Ke2 Nf8 24.Rxc6 Ne6 25.Kf1 bxc6 26.Nc5 Ka7 27.Qxb4 Rb8 28.
Qc3 Nxc5 29.dxc5 Rxh4 30.e4 dxe4 31.Re1 Rg4 32.Bf3 Rf4 33.Qe3 Qe5 34.Be2 
Rh4 35.Bf3 exf3 36.Qxf3 Qxc5 0-1

[Event "14th EUR-ch"]
[Site "Legnica POL"]
[Date "2013.05.06"]
[Round "2"]
[White "Anton, Teodor"]
[Black "Leiber, Bernard"]
[Result "1-0"]
[WhiteElo "2441"]
[BlackElo "2209"]
[EventDate "2013.05.05"]
[PlyCount "73"]

1.d4 Nf6 2.Nf3 e6 3.c4 c5 4.d5 exd5 5.cxd5 d6 6.Nc3 g6 7.Bf4 Bg7 8.h3 O-O 
9.e3 Nh5 10.Bh2 f5 11.Qd2 Qe7 12.Be2 Nd7 13.g4 Nhf6 14.gxf5 gxf5 15.Qc2 
Ne4 16.Nxe4 fxe4 17.Nd2 Nf6 18.Nc4 Rd8 19.O-O-O Bf5 20.Rhg1 Kh8 21.h4 b5 
22.Na5 Rg8 23.Nc6 Qd7 24.Bxb5 Qc7 25.Qxc5 Ne8 26.Qc2 Qf7 27.Nd4 Rb8 28.Bc6
Bg6 29.Kb1 Qe7 30.Bxe8 Rbxe8 31.Qc6 Qf6 32.Bf4 Qxh4 33.Qxd6 Rd8 34.Qc7 
Rxd5 35.Ne6 Rb5 36.Nxg7 Qf6 37.b3 1-0